000 00703 a2200193 4500
003 NUST
005 20251219141641.0
040 _cNust
082 _a621.382,SAD
100 _aSadiq Mohsin, (TE-48)
_9132497
245 _aSmart Patient Monitoring Over A Custom M2M Framework /
_cNC Mohsin Sadiq, NC Umer Majeed and NC Saim Jehan
260 _aRawalpindi
_bMCS (NUST)
_cJune 2015
300 _ax,56 p.;
505 _aIntroduction (Page-1), Literature Review (Page-10), Design and Development (Page-14), Project Analysis and Evaluation (Page-21), Conclusion (Page-28).
650 _aUG Project
_9131132
651 _aTE-48
700 _aSupervised by Dr. Adnan Ahmed Khan
_9132387
942 _cPR
_2ddc
999 _c217254
_d217254